Statistics for Guess the country's name by its flag.

Click here to take the quiz!

General Stats

  • This quiz has been taken 103 times
  • The average score is 7 of 11

Answer Stats

Answer% Correct
Malaysia
94%
Philippines
71%
Vietnam
67%
Singapore
66%
Thailand
66%
Indonesia
63%
Cambodia
54%
Myanmar
51%
Laos
49%
Brunei
48%
Timor-Leste
38%

Score Distribution

Percentile by Number Answered

Percent of People with Each Score

Your Score History

You have not taken this quiz